Personnages Marvel par Image #2 - Statistiques

Statistiques générales
  • Ce quiz a été pris 94 fois
    48 depuis la dernière actualisation
  • Le résultat moyen est 13 sur 15
Statistiques - réponses
Par images Réponse % Correct
Deadpool
100%
Thor
100%
Groot
98%
Ant Man / l'Homme fourmi
95%
Captain Marvel
95%
Nick Fury
95%
Vision
95%
Gamora
90%
Starlord
90%
Falcon / Le Faucon
88%
Rocket Raccoon
80%
Docteur Octopus / Doctor Octopus
78%
Galactus
71%
Killmonger
63%
Kingpin / Le caid / Wilson Fisk
56%
Aucun quiz correspondant
Distribution des résultats
% des personnes avec chaque résultat
Percentile par nombre de réponses
Votre historique - résultats
Vous n’avez pas pris ce quiz depuis la dernière actualisation